00399nam a2200169Ia 4500008004100000020001400041050001400055100002300069245002400092245002300116260001500139260001600154260000900170300001500179300002700194500000800221170918s9999 xx 000 0 und d a439316030 bM996 1989 aMyers, Walter Dean aVictory for Jamie / cWalter Dean Myers. aNew York : bScholastic, c1989 a63 pages : bcolored illustration ; a480